| 000 | 00569nam a2200181 a 4500 | ||
|---|---|---|---|
| 001 | 000016861 | ||
| 005 | 20251120073732.0 | ||
| 008 | 100311s2010 dr 001 0 spa d | ||
| 020 | _a9789945415339 | ||
| 040 |
_aDO-SdBNP _bspa _cBNPHU |
||
| 082 |
_axxx _bM516a |
||
| 100 | 1 |
_aMejía, Radhamés _96414 |
|
| 245 | 1 | 0 |
_a¿Avanzamos o retrocedemos? : _breflexiones sobre temas educativos / _cRadhamés Mejía. |
| 260 |
_aSanto Domingo : _bPUCMM, _c2010. |
||
| 300 |
_a165 p. ; _c22 cm. |
||
| 049 | _aBNPD | ||
| 710 | 2 |
_aPontificia Universidad Católica Madre y Maestra _9843 |
|
| 999 |
_c16393 _d16393 |
||